000 00390nam a2200145 i 4500
001 77155
003 ES-MaACL
005 20230906173112.0
007 t|
008 041007s1917 xxk ||||1| spa d
100 1 _aGwatkin, H. M.
_961327
245 1 0 _aEn defensa de Inglaterra
_b: cartas a un neutral /
_cH.M. Gwatkin.
260 _aLondon :
_b[s.n.,
_c1917]
852 _aES-MaACL
_j1548-F-16
999 _c77155
_d77155